| 000 | 00670nam a2200229 a 4500 | ||
|---|---|---|---|
| 001 | 000035533 | ||
| 005 | 20200930074419.0 | ||
| 008 | 111103s1987 sp a 000 0 spa d | ||
| 020 | _a847672134x | ||
| 040 |
_aDO-SdBNP _bspa _cBNPHU |
||
| 082 |
_axxx _bC748c |
||
| 100 | 1 |
_aConfucius _961422 |
|
| 245 | 1 | 4 |
_aLos cuatro libros de la sabiduría / _cConfucio. |
| 246 | 1 | 4 | _aEl gran estudio (o gran ciencia) |
| 246 | 1 | 4 | _aEl invariable medio |
| 246 | 1 | 4 | _aLas conversaciones |
| 246 | 1 | 4 | _aEl Meng-Tse |
| 260 |
_aBarcelona, España : _bEdicomunicación, _c1987. |
||
| 300 |
_axix, 343 p. : _bil. ; _c21 cm. |
||
| 490 | 1 | _aVisión libre | |
| 830 | 0 |
_aVisión libre _961423 |
|
| 999 |
_c35024 _d35024 |
||